000 00753nam a2200181Ia 4500
008 090124s9999 xx 000 0 und d
082 _b101470
100 _aवरेरकर भार्गवराम विठ्ठल(एक गतभर्तृका)(मामा
245 _a वेणू वेलणकर
250 _a1
260 _c1937
300 _a143
600 _aवरेरकर भार्गवराम विठ्ठल(एक गतभर्तृका)(मामा
630 _a वेणू वेलणकर
700 _aवरेरकर भार्गवराम विठ्ठल(एक गतभर्तृका)(मामा
730 _a वेणू वेलणकर
942 _cBOOK
999 _c147562
_d147562